Biblioteca

Diccionario enciclopédico de teología moral (Registro nro. 31736)

Detalles MARC
000 -LÍDER
Campo fijo de descripción fija 00964aam a2200313 i 4500
001 - NÚMERO DE CONTROL
Campo de control 199
003 - IDENTIFICADOR DEL NÚMERO DE CONTROL
Campo de control CO-MdFUSB
005 - FECHA Y HORA DE LA ULTIMA TRANSACCIÓN
control field 20211120103830.0
008 - ELEMENTOS DE LONGITUD FIJA -- INFORMACIÓN GENERAL
Campo fijo de descripción fija -- Información general 160601t1980 sp | |||| 00| 0 spa d
020 ## - NÚMERO INTERNACIONAL NORMALIZADO PARA LIBROS
Número Internacional Normalizado del libro 84-285-0468-7
040 ## - FUENTE DE CATALOGACIÓN
Agencia de catalogación original CO-MdFUSB
Idioma de catalogación Español
Agencia que realiza la transcripción CO-MdFUSB
Agencia que realiza la modificación CO-MdFUSB
Convenciones de la descripción rda
041 0# - CÓDIGO DE IDIOMA
Código de idioma para texto/pista de sonido o título separado spa
082 04 - NÚMERO DE CLASIFICACIÓN DECIMAL DEWEY
Número de clasificación R 230.03 R831d
100 1# - ASIENTO PRINCIPAL--NOMBRE PERSONAL
Nombre personal Rossi, Leandro
245 00 - TÍTULO
Título del Material Diccionario enciclopédico de teología moral
Mención de responsabilidad, etc. / Leandro Rossi, Ambrogio Valsecchi, Directores
250 ## - MENCIÓN DE EDICIÓN
Mención de edición 4 con suplemento
264 #1 - PRODUCCIÓN, PUBLICACIÓN, DISTRIBUCIÓN, MANUFACTURA, Y COPYRIGHT
Lugar de producción, publicación, distribución, manufactura Madrid, España
Nombre del productor, publicador, distribuidor : Paulinas,
Fecha de producción, publicación, distribución, manufactura, o copyright [1980]
264 #4 - PRODUCCIÓN, PUBLICACIÓN, DISTRIBUCIÓN, MANUFACTURA, Y COPYRIGHT
Fecha de producción, publicación, distribución, manufactura, o copyright © 1980
300 ## - DESCRIPCIÓN FÍSICA
Extensión 1479 Pag.
Dimensiones ;
336 ## - TIPO DE CONTENIDO
Fuente rdacontent
Término de tipo de contenido texto
Código de tipo de contenido txt
337 ## - TIPO DE MEDIO
Fuente rdamedia
Nombre del tipo de medio sin mediación
Código del tipo de medio n
338 ## - TIPO DE SOPORTE
Fuente rdacarrier
Nombre del tipo de soporte volumen
Código Tipo de soporte nc
500 ## - NOTA GENERAL
Nota General Título original : Dizionario enciclopedico di teologia morale.
505 ## - NOTA DE CONTENIDO
Nota de contenido con formato preestablecido Diccionario de teología moral
653 ## - TÉRMINO DE INDIZACIÓN - NO CONTROLADO
Término no controlado Teología Moral
653 ## - TÉRMINO DE INDIZACIÓN - NO CONTROLADO
Término no controlado Diccionario
942 ## - TIPO DE MATERIAL (KOHA)
Tipo de Item KOHA Libros General
945 ## - INFORMACIÓN LOCAL DEL REGISTRO
Catalogador Estudiante
Existencias
Estado de Material Estado de Perdido Estado de Dañado No para Préstamo Colección Tomo Biblioteca de Origen Biblioteca Permanente Fecha de Adquisición Total de Préstamos Signatura Topográfica Código de Barras Última vez visto Ejemplar/Existencia Fecha de Remplazo Tipo de Material
        Colección de Referencia   Biblioteca FUSBC Biblioteca FUSBC 02/09/2004   R 230.03 R831d 585 11/05/2022 1 26/01/2016 Libros de Referencia

Biblioteca FUSBC | Teléfono: (57+4) 349 88 10 Ext. 141| WhatsApp (+57) 3005338115 
E-mail: biblioteca@unisbc.edu.co | Calle 76 87-14 Robledo Palenque, Medellín, Colombia

Con tecnología Koha